|
|
|
|
| LEADER |
01160nam a2200265 a 4500 |
| 001 |
13621186 |
| 008 |
100307s2004 paua b 001 0 eng d |
| 010 |
|
|
|a 2004048714
|
| 020 |
|
|
|a 9780898716399
|
| 020 |
|
|
|a 0898715679
|
| 040 |
|
|
|a DLC
|c DLC
|d DLC
|d BD-DhAAL
|
| 082 |
0 |
0 |
|a 518/.64
|2 22
|
| 100 |
1 |
|
|a Strikwerda, John C.,
|d 1947-
|
| 245 |
1 |
0 |
|a Finite difference schemes and partial differential equations /
|c John C. Strikwerda.
|
| 250 |
|
|
|a 2nd ed.
|
| 260 |
|
|
|a Philadelphia :
|b Society for Industrial and Applied Mathematics,
|c c2004.
|
| 300 |
|
|
|a xii, 435 p. :
|b ill. ;
|c 26 cm.
|
| 504 |
|
|
|a Includes bibliographical references (p. 427-430) and index.
|
| 541 |
1 |
|
|e 00019848
|
| 650 |
|
0 |
|a Differential equations, Partial
|x Numerical solutions.
|
| 650 |
|
0 |
|a Finite differences.
|
| 852 |
4 |
|
|a Ayesha Abed Library
|j General shelf
|
| 999 |
|
|
|c 7705
|d 7705
|
| 952 |
|
|
|0 0
|1 0
|2 ddc
|4 0
|6 518_640000000000000_STR_2004
|7 0
|9 8453
|a BRACUL
|b BRACUL
|c GEN
|d 2010-03-07
|l 0
|o 518.64 STR
|p 3010019848
|r 2010-03-07
|t 1
|w 2010-03-07
|y BK
|
| 952 |
|
|
|0 0
|1 0
|2 ddc
|4 0
|6 518_640000000000000_STR_2004
|7 0
|9 8454
|a BRACUL
|b BRACUL
|c GEN
|d 2010-03-07
|l 0
|o 518.64 STR
|p 3010019849
|r 2010-03-07
|t 2
|w 2010-03-07
|y BK
|